000 00836nam a2200241 a 4500
003 BD-DhJNU
005 20250617054640.0
008 040601s2005 enka b 001 0 eng
020 _a0415258154
040 _aBD-DhJNU
_bENG
_cBD-DhJNU
_dBD-DhJNU
082 0 0 _a325.1 INT
_223
245 0 0 _aInternational migration and the globalization of domestic politics /
_cedited by Rey Koslowski.
260 _aLondon ;
_aNew York :
_bRoutledge,
_c2005.
300 _axiv, 202 p. :
_bill. ;
_c24 cm.
440 0 _aTransnationalism
504 _aIncludes bibliographical references and index.
650 0 _aImmigrants
_xPolitical activity
_vCase studies.
650 0 _aEmigration and immigration
_xPolitical aspects.
650 0 _aWorld politics
_y1989-
650 0 _aGlobalization
_xPolitical aspects.
700 1 _aKoslowski, Rey.
942 _cBK
999 _c1780
_d1780